Seksen günde Dünya turu / (Record no. 23465)

MARC details
000 -BAŞLIK
Sabit Uzunluktaki Kontrol Alanı 00726nam a22002177a 4500
003 - KONTROL NUMARASI KİMLİĞİ
Kontrol Alanı koha_MIRAKIL
005 - EN SON İŞLEM TARİHİ ve ZAMANI
Kontrol Alanı 20260414112403.0
008 - SABİT UZUNLUKTAKİ VERİ ÖGELERİ - GENEL BİLGİ
Sabit Alan 260414b tur||||| |||| 00| 0 tur d
020 ## - ISBN - ULUSLARARASI STANDART KİTAP NUMARASI
Isbn 9786051883595
040 ## - KATALOGLAMA KAYNAĞI
Özgün Kataloglama Kurumu TR-IsEVY
Kataloglama Dili tur
Çeviri Kurumu TR-IsEVY
082 ## - DEWEY ONU SINIFLAMA SİSTEMİ
Sınıflama Numarası FIC VER/S
100 ## - KİŞİ ADI
Yazar Adı (Kişi adı) Verne, Jules
245 #0 - ESER ADI BİLDİRİMİ
Başlık Seksen günde Dünya turu /
Sorumluluk Bildirimi Jules Verne ; uyarlayan Deanna McFadden ; resimleyen Jamel Akib.
260 ## - YAYIN, DAĞITIM, VB.
Yayın Yeri İstanbul :
Yayınevi Beyaz Balina Yayınları,
Yayın Tarihi 2007
300 ## - FİZİKSEL TANIMLAMA
Sayfa, Cilt vb. 144 s. :
Diğer fiziki detaylar resimli ;
Boyutları 20 cm.
490 0# - DİZİ BİLDİRİMİ
Dizi Bildirimi Klasikleri Okuyorum.
650 ## - KONU BAŞLIĞI EK GİRİŞ - KONU TERİMİ
Konusal terim veya coğrafi ad Çocuk edebiyatı.
Alt başlık biçimi Çocuk Hikayeleri.
-- Çocuk Klasikleri.
700 1# - EK GİRİŞ - KİŞİ ADI
Yazar Adı (Kişi adı) Akib, Jamel.
Ünvan resimleyen.
700 1# - EK GİRİŞ - KİŞİ ADI
Yazar Adı (Kişi adı) McFadden, Deanna.
Ünvan uyarlayan.
942 ## - EK GİRİŞ ÖGELERİ (KOHA)
Source of classification or shelving scheme Dewey Decimal Classification
Koha item type Kitap
Holdings
Kayıp Durumu Sınıflandırma Kaynağı Hasarlı Durumu Koleksiyon Kodu Kalıcı Konum Mevcut Konum Kayıt Tarih Edinim Kaynağı Toplam Ödünçverme Yer Numarası Demirbaş Numarası Son Görülme Tarihi Fatura Tarihi Materyal Türü
  Dewey Decimal Classification   İlkokul İLKOKUL KÜTÜPHANESİ İLKOKUL KÜTÜPHANESİ 14/04/2026 Bağış   FIC VER/S 25074 14/04/2026 14/04/2026 Kitap